Reestructuración, flexibilidad y trabajo en América Latina /

La finalidad de este texto es abordar, de manera obligadamente sintética, los nuevos procesos socioeconómicos que están registrando en América Latina durante las últimas décadas, y particularmente el referido a las relaciones entre los fenómenos de flexibilización y sus efectos en los mercados de tr...

সম্পূর্ণ বিবরণ

সংরক্ষণ করুন:
গ্রন্থ-পঞ্জীর বিবরন
প্রধান লেখক: Aquevedo S., Eduardo
বিন্যাস: পাঠ‍্য
বিষয়গুলি:
ট্যাগগুলো: ট্যাগ যুক্ত করুন
কোনো ট্যাগ নেই, প্রথমজন হিসাবে ট্যাগ করুন!

MARC

LEADER 00000 a a2200000 04500
001 11706
003
040
100 |a Aquevedo S., Eduardo  
245 |a Reestructuración, flexibilidad y trabajo en América Latina /  |c Eduardo Aquevedo S. 
520 |a La finalidad de este texto es abordar, de manera obligadamente sintética, los nuevos procesos socioeconómicos que están registrando en América Latina durante las últimas décadas, y particularmente el referido a las relaciones entre los fenómenos de flexibilización y sus efectos en los mercados de trabajo y procesos democráticos en varios países de la región. Atención especial se presta a los procesos de precarización de la fuerza de trabajo en gran cantidad de países de la región, con la extención del trabajo temporal, con y sin contrato, y a la subsecuente reducción de los costos salariales en los diferentes sectores de la economía. DOC/WMV  
650 |a ECONOMIA  
650 |a MACROECONOMIA  
650 |a SISTEMAS ECONOMICOS  
650 |a ECONOMIAS EN TRANSICION  
650 |a MERCADO  
650 |a LIBERACION ECONOMICA  
650 |a DEMOCRATIZACION  
773 |g volumen 6, número 26; páginas 89-107  
999 |c 32574  |d 32574